ESSENTIALS OF HUMAN GENETICS (Record no. 624)

MARC details
000 -LEADER
fixed length control field 00318nam a2200133Ia 4500
008 - FIXED-LENGTH DATA ELEMENTS--GENERAL INFORMATION
fixed length control field 150201s2009 xx 000 0 und d
082 ## - DEWEY DECIMAL CLASSIFICATION NUMBER
Classification number 611
Item number E09K
100 ## - MAIN ENTRY--PERSONAL NAME
Personal name KUKARNI,ROOPA
245 ## - TITLE STATEMENT
Title ESSENTIALS OF HUMAN GENETICS
250 ## - EDITION STATEMENT
Edition statement 1ST
260 ## - PUBLICATION, DISTRIBUTION, ETC. (IMPRINT)
Name of publisher, distributor, etc. PEEPEE
Place of publication, distribution, etc. DELHI
Date of publication, distribution, etc. 2009
650 ## - SUBJECT ADDED ENTRY--TOPICAL TERM
Topical term or geographic name as entry element HUMAN ANATOMY
942 ## - ADDED ENTRY ELEMENTS (KOHA)
Source of classification or shelving scheme Dewey Decimal Classification
Koha item type Books
Koha issues (borrowed), all copies 1
Holdings
Withdrawn status Lost status Source of classification or shelving scheme Damaged status Not for loan Collection code Home library Current library Shelving location Date acquired Source of acquisition Cost, normal purchase price SGTU Total Checkouts Full call number Barcode Date last seen Bill Date Koha item type Date last checked out
    Dewey Decimal Classification     MEDICAL SGT Medical Library SGT Medical Library Text Book 26/02/2010 U.B.S. DELHI 75.00 SGTU   611 E09K FM2836 09/02/2015 26/02/2010 Books  
    Dewey Decimal Classification     MEDICAL SGT Medical Library SGT Medical Library Text Book 26/02/2010 U.B.S. DELHI 75.00 SGTU 1 611 E09K FM2837 13/02/2018 26/02/2010 Books 31/01/2018
    Dewey Decimal Classification     MEDICAL SGT Medical Library SGT Medical Library Text Book 26/02/2010 U.B.S. DELHI 75.00 SGTU 1 611 E09K FM2838 27/02/2024 26/02/2010 Books 07/02/2024
    Dewey Decimal Classification     MEDICAL SGT Medical Library SGT Medical Library Text Book 26/02/2010 U.B.S. DELHI 75.00 SGTU   611 E09K FM2839 09/02/2015 26/02/2010 Books  
    Dewey Decimal Classification     MEDICAL SGT Medical Library SGT Medical Library Text Book 26/02/2010 U.B.S. DELHI 75.00 SGTU   611 E09K FM2840 09/02/2015 26/02/2010 Books